| 000 | 01171nam a2200301 i 4500 | ||
|---|---|---|---|
| 003 | EG-GICUC | ||
| 005 | 20260121101549.0 | ||
| 008 | 251229s2002 ua ||||fr|||| 00| 0 ara d | ||
| 040 |
_a EG-GICUC _bara _c EG-GICUC _d EG-GICUC _erda |
||
| 041 | 0 | _aara | |
| 082 | 0 | 4 |
_221 _a345.441 _bم ا . ط |
| 092 | 0 | 4 | _221 |
| 099 | _aLaw1 07 345.441 م ا . ط 2002 | ||
| 100 | 0 |
_aمازن ليلو راضي _eمؤلف. |
|
| 245 | 1 | 2 |
_aالطاعة وحدودها في الوظيفة العامة / _cالدكتور مازن ليلو راضي. |
| 264 | 1 |
_aالإسكندرية : _bدار المطبوعات الجامعية، _c2002. |
|
| 300 |
_a143 صفحة؛ _c24 س. |
||
| 336 |
_2rda content _atext |
||
| 337 |
_2rda media _aComputer |
||
| 338 |
_2rda carrier _aOnline Resource |
||
| 504 | _a140-127 ببليوجرافيا: صفحات. | ||
| 546 | _aالنص أغلبه باللغة العربية بعض النصوص الإنجليزية والفرنسية | ||
| 650 | 1 | 4 | _aمبدأ طاعة الرؤساء |
| 650 | 1 | 4 | _aالقانون الإداري |
| 856 | 4 | 0 | _uhttps://fll.law.cu.edu.eg/fulltext/bks/B07-01219.pdf |
| 905 | _a32 | ||
| 942 |
_2ddc _cBK _e21 _n0 |
||
| 999 |
_c53090 _d53090 |
||